Score 0/20 Timer 06:00
4 Plays Today
Movie % Correct
Evan Almighty
75.2%
Enchanted
71.1%
Eragon
56.9%
Elektra
56.1%
European Vacation
53.4%
Easy Rider
53.3%
Ella Enchanted
53.3%
Ever After
44.1%
Enemy of the State
40.5%
Elysium
38.3%
Movie % Correct
Ender's Game
37.7%
Entrapment
37.6%
The English Patient
37%
Eight Crazy Nights
35.2%
Eraser
32.6%
Eight Below
31.1%
Extremely Loud and Incredibly Close
26.3%
Enough
25.7%
East of Eden
25.1%
Empire Records
14.9%
Remove Ads.
Support Sporcle.
Get the best of Sporcle when you Go Orange. This ad-free experience offers more features, more stats, and more fun while also helping to support Sporcle. Thank you for becoming a member.

You're not logged in!

Compare scores with friends on all Sporcle quizzes.
OR
Log In

Show Comments

Extras

Top Quizzes Today


Score Distribution

Your Account Isn't Verified!

In order to create a playlist on Sporcle, you need to verify the email address you used during registration. Go to your Sporcle Settings to finish the process.

Report this User

Report this user for behavior that violates our Community Guidelines.

Details: